000 00471nam a2200193Ia 4500
003 GCL
008 140319s9999 xx 000 0 eng d
040 _aGCL /
_cGCL
082 0 4 _a920.71
_bK Z
100 1 _aKHAN,KURSHED ALAM
245 1 0 _aDR.ZAKIR HUSAIN /
_cKHAN,KURSHED ALAM
700 1 _aALI, B.SHEIK
260 _a[S.N] :
_bSAHITYA AKADEMI ،
_c1990
300 _a119P
650 0 4 _aMEN
650 0 4 _aBIOGRAPHIES
650 0 4 _aHUSAIN,ZAKIR
942 _2ddc
_cBK
999 _c11939
_d11939